Normal view
MARC view
- Griffiths, Anthony J. F
Entry Personal Name
001 - CONTROL NUMBER
- control field: 87432
003 - CONTROL NUMBER IDENTIFIER
- control field: NUST
005 - DATE AND TIME OF LATEST TRANSACTION
- control field: 20220107105209.0
008 - FIXED-LENGTH DATA ELEMENTS
- fixed length control field: 220107|| aca||aabn | a|a d
040 ## - CATALOGING SOURCE
- Original cataloging agency: NUST
- Transcribing agency: NUST
100 ## - HEADING--PERSONAL NAME
- Personal name: Griffiths, Anthony J. F
670 ## - SOURCE DATA FOUND
- Source citation: Work cat.: (NUST)33028: Griffiths, Anthony J.F. 87430, Introduction to genetic analysis /, c2008.
